Normal view
MARC view
Entry Topical Term
001 - CONTROL NUMBER
- control field: 1236096
003 - CONTROL NUMBER IDENTIFIER
- control field: OSt
005 - DATE AND TIME OF LATEST TRANSACTION
- control field: 20260430115714.0
008 - FIXED-LENGTH DATA ELEMENTS
- fixed length control field: 260430|| aca||aabn | a|a d
040 ## - CATALOGING SOURCE
- Original cataloging agency: OSt
- Transcribing agency: OSt
150 ## - HEADING--TOPICAL TERM
- Topical term or geographic name entry element: Single qubits
670 ## - SOURCE DATA FOUND
- Source citation: Work cat.: (OSt)1715383: AI-Qasimi, Asma 1132032 author., Quantum Information, 2025 .
